<?xml version="1.0" encoding="UTF-8"?>
<record
    xmlns:xsi="http://www.w3.org/2001/XMLSchema-instance"
    xsi:schemaLocation="http://www.loc.gov/MARC21/slim http://www.loc.gov/standards/marcxml/schema/MARC21slim.xsd"
    xmlns="http://www.loc.gov/MARC21/slim">

  <leader>02385cam a22004214i 4500</leader>
  <controlfield tag="003">PE-LiUPU</controlfield>
  <controlfield tag="005">20250731183450.0</controlfield>
  <controlfield tag="008">20080101s2008    us a    rb    000 0 eng d</controlfield>
  <datafield tag="020" ind1=" " ind2=" ">
    <subfield code="a">9781616776930</subfield>
  </datafield>
  <datafield tag="020" ind1=" " ind2=" ">
    <subfield code="a">9781616776947</subfield>
  </datafield>
  <datafield tag="035" ind1=" " ind2=" ">
    <subfield code="a">PE-LiUPU2025018</subfield>
  </datafield>
  <datafield tag="040" ind1=" " ind2=" ">
    <subfield code="a">PE-LiUPU</subfield>
    <subfield code="b">spa</subfield>
    <subfield code="c">PE-LiUPU</subfield>
    <subfield code="e">rda</subfield>
  </datafield>
  <datafield tag="082" ind1="0" ind2="4">
    <subfield code="a">786.2193</subfield>
    <subfield code="b">F115p</subfield>
    <subfield code="2">23</subfield>
  </datafield>
  <datafield tag="100" ind1="1" ind2=" ">
    <subfield code="a">Faber, Nancy,</subfield>
    <subfield code="e">autora.</subfield>
    <subfield code="9">5703</subfield>
  </datafield>
  <datafield tag="245" ind1="1" ind2="0">
    <subfield code="a">Piano Adventures :</subfield>
    <subfield code="b">El m&#xE9;todo b&#xE1;sico para piano </subfield>
    <subfield code="n">N6 /</subfield>
    <subfield code="c">Nancy Faber, Randall Faber.</subfield>
  </datafield>
  <datafield tag="250" ind1=" " ind2=" ">
    <subfield code="a">Primera edici&#xF3;n.</subfield>
  </datafield>
  <datafield tag="264" ind1=" " ind2="1">
    <subfield code="a">Ann Arbor, MI :</subfield>
    <subfield code="b">Faber Piano Adventures,</subfield>
    <subfield code="c">&#xA9;2018.</subfield>
  </datafield>
  <datafield tag="300" ind1=" " ind2=" ">
    <subfield code="a">2 vol&#xFA;menes :</subfield>
    <subfield code="b">ilustraciones ;</subfield>
    <subfield code="c">30 cm</subfield>
  </datafield>
  <datafield tag="336" ind1=" " ind2=" ">
    <subfield code="a">text</subfield>
    <subfield code="2">rdacontent</subfield>
  </datafield>
  <datafield tag="337" ind1=" " ind2=" ">
    <subfield code="a">unmediated</subfield>
    <subfield code="2">rdamedia</subfield>
  </datafield>
  <datafield tag="338" ind1=" " ind2=" ">
    <subfield code="a">volume</subfield>
    <subfield code="2">rdacarrier</subfield>
  </datafield>
  <datafield tag="490" ind1="0" ind2=" ">
    <subfield code="a">El m&#xE9;todo b&#xE1;sico para piano</subfield>
  </datafield>
  <datafield tag="504" ind1=" " ind2=" ">
    <subfield code="a">Incluye pistas de audio disponibles en l&#xED;nea y CD seg&#xFA;n edici&#xF3;n.</subfield>
  </datafield>
  <datafield tag="505" ind1="0" ind2=" ">
    <subfield code="t">LECCIONES Y TEOR&#xCD;A. LIBRO UNO DE DOS :</subfield>
    <subfield code="a">Ritmos de semicorcheas -- T&#xF3;nica, subdominante y dominante -- Tres tipos de escalas menores -- Tonalidades de SOL mayor y MI menor -- Tonalidades de FA mayor y RE menor -- Tonalidades con sostenidos -- Tonalidades de LA mayor y MI mayor -- Tonalidades con bemoles -- Tonalidades de MI&#x266D; mayor y DO menor -- Tonalidad con LA&#x266D; mayor -- Reconocimiento de intervalos -- Arpegios de dos octavas.</subfield>
  </datafield>
  <datafield tag="505" ind1="0" ind2=" ">
    <subfield code="t">T&#xC9;CNICA E INTERPRETACI&#xD3;N. LIBRO DOS DE DOS :</subfield>
    <subfield code="a">Cinco secretos t&#xE9;cnicos -- Ritmos de semicorcheas -- T&#xF3;nica, subdominante y dominante -- Tres tipos de escalas menores -- Tonalidades de SOL mayor y MI menor -- Tonalidades de FA mayor y RE menor -- Tonalidades con sostenidos -- Tonalidades de LA mayor y MI mayor -- Tonalidades con bemoles -- Tonalidades de MI&#x266D; mayor y DO menor -- Tonalidad con LA&#x266D; mayor -- Reconocimiento de intervalos -- Arpegios de dos octavas.</subfield>
  </datafield>
  <datafield tag="526" ind1=" " ind2=" ">
    <subfield code="a">P158</subfield>
  </datafield>
  <datafield tag="526" ind1=" " ind2=" ">
    <subfield code="a">P146</subfield>
  </datafield>
  <datafield tag="526" ind1=" " ind2=" ">
    <subfield code="a">P17</subfield>
  </datafield>
  <datafield tag="526" ind1=" " ind2=" ">
    <subfield code="a">P12</subfield>
  </datafield>
  <datafield tag="526" ind1=" " ind2=" ">
    <subfield code="a">P06</subfield>
  </datafield>
  <datafield tag="650" ind1="1" ind2="4">
    <subfield code="a">Piano</subfield>
    <subfield code="x">M&#xE9;todos (Nivel elemental).</subfield>
    <subfield code="9">5707</subfield>
  </datafield>
  <datafield tag="650" ind1="2" ind2="4">
    <subfield code="a">Piano</subfield>
    <subfield code="x">Estudio y Ense&#xF1;anza (Primaria)</subfield>
    <subfield code="9">5708</subfield>
  </datafield>
  <datafield tag="700" ind1=" " ind2=" ">
    <subfield code="a">Faber, Randall,</subfield>
    <subfield code="e">autor.</subfield>
    <subfield code="9">5706</subfield>
  </datafield>
  <datafield tag="856" ind1="4" ind2="0">
    <subfield code="u">https://www.halleonard.com/product/420261/my-first-piano-adventure</subfield>
    <subfield code="z">Sitio web del editor.</subfield>
  </datafield>
  <datafield tag="942" ind1=" " ind2=" ">
    <subfield code="2">ddc</subfield>
    <subfield code="c">BK</subfield>
  </datafield>
  <datafield tag="980" ind1=" " ind2=" ">
    <subfield code="6">18226</subfield>
    <subfield code="a">Jaime Vilcaz&#xE1;n Jefe de An&#xE1;lisis Documental</subfield>
    <subfield code="8">1</subfield>
    <subfield code="g">ALBERTO SANCHEZ Responsable de Automatizaci&#xF3;n</subfield>
  </datafield>
  <datafield tag="999" ind1=" " ind2=" ">
    <subfield code="c">63002</subfield>
    <subfield code="d">63001</subfield>
  </datafield>
  <datafield tag="952" ind1=" " ind2=" ">
    <subfield code="r">2026-02-05 09:50:08</subfield>
    <subfield code="l">4</subfield>
    <subfield code="o">786.2193 F115p</subfield>
    <subfield code="p">82694</subfield>
    <subfield code="q">2026-12-31</subfield>
    <subfield code="s">2026-02-05</subfield>
    <subfield code="t">e1</subfield>
    <subfield code="v">17.51</subfield>
    <subfield code="w">2025-06-24</subfield>
    <subfield code="x">FACIHED</subfield>
    <subfield code="y">BK</subfield>
    <subfield code="1">0</subfield>
    <subfield code="2">ddc</subfield>
    <subfield code="3">N6 L1</subfield>
    <subfield code="5">0</subfield>
    <subfield code="7">0</subfield>
    <subfield code="8">GEN</subfield>
    <subfield code="f">P17</subfield>
    <subfield code="a">BUL</subfield>
    <subfield code="b">BUL</subfield>
    <subfield code="c">GEN</subfield>
    <subfield code="d">2025-06-20</subfield>
    <subfield code="e">Compra, Tienda Teatral</subfield>
    <subfield code="g">12.51</subfield>
  </datafield>
  <datafield tag="952" ind1=" " ind2=" ">
    <subfield code="r">2026-02-05 09:49:54</subfield>
    <subfield code="l">4</subfield>
    <subfield code="o">786.2193 F115p</subfield>
    <subfield code="p">82695</subfield>
    <subfield code="q">2026-12-31</subfield>
    <subfield code="s">2026-02-05</subfield>
    <subfield code="t">e1</subfield>
    <subfield code="v">17.51</subfield>
    <subfield code="w">2025-06-24</subfield>
    <subfield code="x">FACIHED</subfield>
    <subfield code="y">BK</subfield>
    <subfield code="1">0</subfield>
    <subfield code="2">ddc</subfield>
    <subfield code="3">N6 L2</subfield>
    <subfield code="5">0</subfield>
    <subfield code="7">0</subfield>
    <subfield code="8">GEN</subfield>
    <subfield code="f">P17</subfield>
    <subfield code="a">BUL</subfield>
    <subfield code="b">BUL</subfield>
    <subfield code="c">GEN</subfield>
    <subfield code="d">2025-06-20</subfield>
    <subfield code="e">Compra, Tienda Teatral</subfield>
    <subfield code="g">12.51</subfield>
  </datafield>
</record>
